Traveller's India : (Record no. 47532)

000 -LEADER
fixed length control field 00422nam a22001571a 4500
020 ## - INTERNATIONAL STANDARD BOOK NUMBER
International Standard Book Number 9780195639261
082 ## - DEWEY DECIMAL CLASSIFICATION NUMBER
Classification number 954
Item number KAU/T
245 ## - TITLE STATEMENT
Title Traveller's India :
Remainder of title an anthology/
Statement of responsibility, etc. by H K Kau (ed.)
260 ## - PUBLICATION, DISTRIBUTION, ETC.
Place of publication, distribution, etc. New Delhi:
Name of publisher, distributor, etc. Oxford University Press,
Date of publication, distribution, etc. 1998.
300 ## - PHYSICAL DESCRIPTION
Extent 536p.
650 ## - SUBJECT ADDED ENTRY--TOPICAL TERM
Topical term or geographic name entry element Travelogue
9 (RLIN) 80265
650 ## - SUBJECT ADDED ENTRY--TOPICAL TERM
Topical term or geographic name entry element History India
9 (RLIN) 80266
650 ## - SUBJECT ADDED ENTRY--TOPICAL TERM
Topical term or geographic name entry element History
9 (RLIN) 80267
700 ## - ADDED ENTRY--PERSONAL NAME
Personal name H K Kau (ed.)
9 (RLIN) 80268
942 ## - ADDED ENTRY ELEMENTS (KOHA)
Koha item type Book
Holdings
Withdrawn status Lost status Damaged status Not for loan Permanent Location Current Location Date acquired Cost, normal purchase price Total Checkouts Full call number Barcode Date last seen Cost, replacement price Price effective from Koha item type
        Sree Sankaracharya University of Sanskrit Sree Sankaracharya University of Sanskrit 08.01.2015 275.00   954 KAU/T 003650 08.01.2015 0.00 08.01.2015 Book